000 01460cam a22003617a 4500
003 CHAP
005 20220329141904.0
008 980417d1996 mx r 10110 spa d
010 _a75316
011 _a76288
035 _a85867
040 _cCHAP
082 0 4 _a581.634
_bC64
111 0 0 _aCongreso Nacional Plantas Medicinales de México (
_n1 :
_d1996 :
_cTlaxcala, Tlax.)
_927119
245 1 0 _aResúmens de ponencias
_c/coord. por Miguel Angel Gutiérrez Domínguez y Yolanda Betancourt Aguilar
260 0 _aTlaxcala, Tlax. :
_bUniversidad Autónoma Tlaxcala,
_c1996.
300 _a125 p.
590 _aBATCH-UPD
_b10
_c20130110
_lUCH01
_h0413
590 _aBATCH-UPD
_b10
_c20130110
_lUCH01
_h2355
590 _aBATCH-UPD
_b10
_c20130410
_lUCH01
_h0047
590 _aBATCH-UPD
_b10
_c20130914
_lUCH01
_h0736
590 _aCONVERSION
_b10
_c20130109
_lUCH01
_h1341
650 1 4 _aBotánica médica.
_914680
650 1 4 _aBotánica
_zMéxico.
_914641
700 0 _aBetancourt Aguilar, Yolanda.
_912049
700 0 _aGutiérrez Domínguez, Miguel Angel.
_951669
711 0 _aSimposio sobre Cultivo, Procesamiento y Comercialización de Plantas Medicinales, Aromáticas y Condimenticias (
_n1 :
_d1996 :
_cTlaxcala, Tlax.)
_9106397
901 _aBK
905 _aGuadalupe Pinto C.
942 _cLIBRO
949 _a581.634 C64
_bBC
_cCONG
_d858671
_eCONG
_h92525
_i85867
_sb
949 _a581.634 C64
_bBC
_cLIBRO
_d33724002248149
_eLIBRO
_fc.2
_gDonaciØn
_h114994
_i85867
_sb
999 _c75316
_d75316